Blue Lock General Knowledge Quiz #4 - Statistics

General Stats
  • This quiz has been taken 224 times
  • The average score is 10 of 15
Answer Stats
Question Answer % Correct
Bachira amount of goals made on screen 3
98%
Gagamaru's position in U-20 match Goalkeeper
98%
Amount of players in the start of blue lock 300
88%
Chigiri awakening episode 7
88%
Sae's chemical reaction guy Shidou Ryusei
86%
Isagi's old ranking 299
83%
Wanima brothers team Team W
83%
Person eliminated from team Z from tag game Kira Ryosuke
79%
"Heart of Blue Lock" Isagi Yoichi
76%
Nagi's elimination ranking 24
75%
Top scorers in Team Z in the first selection Kuon Wataru, Kunigami Rensuke
71%
Barou height 6'3
47%
The 2 teams that survived the 1st selection Team Z & Team V
35%
Kurona's ranking during the 3rd selection 4th
8%
Isagi's Weapon Smelling a goal
7%
No matching quizzes found
Score Distribution
Percent of People with Each Score
Percentile by Number Answered
Your Score History
You have not taken this quiz